000 00242nam a2200097Ia 4500
001 688100
005 20250826161608.0
008 250824s9999 xx 000 0 und d
245 0 _aPERİLİ KÖŞK
_cÖMER SEYFETTİN
260 _bTİMAŞ YAYINLARI
999 _c688100
_d688100